<?xml version="1.0" encoding="UTF-8"?>
<record
    xmlns:xsi="http://www.w3.org/2001/XMLSchema-instance"
    xsi:schemaLocation="http://www.loc.gov/MARC21/slim http://www.loc.gov/standards/marcxml/schema/MARC21slim.xsd"
    xmlns="http://www.loc.gov/MARC21/slim">

  <leader>01839nam a22002417a 4500</leader>
  <controlfield tag="005">20260128115903.0</controlfield>
  <controlfield tag="008">260128b        |||||||| |||| 00| 0 eng d</controlfield>
  <datafield tag="020" ind1=" " ind2=" ">
    <subfield code="a">9781471115240</subfield>
  </datafield>
  <datafield tag="040" ind1=" " ind2=" ">
    <subfield code="c">AL</subfield>
  </datafield>
  <datafield tag="041" ind1=" " ind2=" ">
    <subfield code="a">English</subfield>
  </datafield>
  <datafield tag="082" ind1=" " ind2=" ">
    <subfield code="a">158.2</subfield>
    <subfield code="b">DALF</subfield>
  </datafield>
  <datafield tag="100" ind1=" " ind2=" ">
    <subfield code="a">Dale Carnegie Training</subfield>
    <subfield code="9">252949</subfield>
  </datafield>
  <datafield tag="245" ind1=" " ind2=" ">
    <subfield code="a">Five essential people skills</subfield>
    <subfield code="b">: how to assert yourself listen to others and resolve conflicts</subfield>
  </datafield>
  <datafield tag="260" ind1=" " ind2=" ">
    <subfield code="a">London</subfield>
    <subfield code="b">Simon and Schuster  </subfield>
    <subfield code="c">2009</subfield>
  </datafield>
  <datafield tag="300" ind1=" " ind2=" ">
    <subfield code="a">viii,240p.</subfield>
    <subfield code="b">PB</subfield>
    <subfield code="c">20x13cm</subfield>
  </datafield>
  <datafield tag="365" ind1=" " ind2=" ">
    <subfield code="a">DED4-167327</subfield>
    <subfield code="b">&#x20B9;236.77</subfield>
    <subfield code="c">&#x20B9;</subfield>
    <subfield code="d">&#x20B9;244.00</subfield>
    <subfield code="f">14-01-2026</subfield>
  </datafield>
  <datafield tag="520" ind1=" " ind2=" ">
    <subfield code="a">Have you ever walked away from a conversation full of doubts and insecurities? Do you feel as if you&#x2019;ve lost a little ground after every staff meeting? Most of us are either too passive or too aggressive in our business life, and we end up never getting the support, recognition, or respect we desire.
The business leaders and trainers from Dale Carnegie Training have discovered that applying appropriate assertiveness to all your interactions is the most effective approach to creating a successful career. The 5 Essential People Skills will help you be the most positively commanding, prosperous, and inspired professional you can be. You will learn how to:
 Relate to the seven major personality types
&#xB7; Live up to your fullest potential while achieving personal success
&#xB7; Create a cutting-edge business environment that delivers innovation and results
&#xB7; Use Carnegie&#x2019;s powerhouse five-part template for articulate communications that grow business
&#xB7; Resolve any conflict or misunderstanding by applying a handful of proven principles
</subfield>
  </datafield>
  <datafield tag="650" ind1=" " ind2=" ">
    <subfield code="a"> Assertiveness (Psychology)</subfield>
    <subfield code="9">252917</subfield>
  </datafield>
  <datafield tag="650" ind1=" " ind2=" ">
    <subfield code="2">Active listening</subfield>
  </datafield>
  <datafield tag="650" ind1=" " ind2=" ">
    <subfield code="a">Conflict resolution</subfield>
    <subfield code="9">252933</subfield>
  </datafield>
  <datafield tag="650" ind1=" " ind2=" ">
    <subfield code="a">Empathy and emotional intelligence </subfield>
    <subfield code="9">252934</subfield>
  </datafield>
  <datafield tag="942" ind1=" " ind2=" ">
    <subfield code="2">ddc</subfield>
    <subfield code="c">BK</subfield>
  </datafield>
  <datafield tag="999" ind1=" " ind2=" ">
    <subfield code="c">240826</subfield>
    <subfield code="d">240826</subfield>
  </datafield>
  <datafield tag="952" ind1=" " ind2=" ">
    <subfield code="0">0</subfield>
    <subfield code="1">0</subfield>
    <subfield code="2">ddc</subfield>
    <subfield code="4">0</subfield>
    <subfield code="7">0</subfield>
    <subfield code="8">MAN</subfield>
    <subfield code="a">AL</subfield>
    <subfield code="b">AL</subfield>
    <subfield code="c">SK</subfield>
    <subfield code="d">2026-01-23</subfield>
    <subfield code="e">amazon.in</subfield>
    <subfield code="g">236.77</subfield>
    <subfield code="l">0</subfield>
    <subfield code="o">158.2 DALF</subfield>
    <subfield code="p">078083</subfield>
    <subfield code="r">2026-01-28 11:10:37</subfield>
    <subfield code="v">244.00</subfield>
    <subfield code="w">2026-01-14</subfield>
    <subfield code="y">BK</subfield>
  </datafield>
</record>
